| 000 | 00621nam a2200169 4500 | ||
|---|---|---|---|
| 001 | 122845 | ||
| 003 | ES-MaACL | ||
| 005 | 20230906192042.0 | ||
| 007 | t| | ||
| 008 | 070214s1943 sp r ||||0| spa d | ||
| 100 | 1 |
_aPulgar, Fernando del ( _dca. 1430-ca. 1493) _994365 |
|
| 245 | 1 | 0 |
_aCrónica de los Reyes Católicos _b: versión inédita / _cpor su secretario Fernando del Pulgar ; edición y estudio por Juan de Mata Carriazo. |
| 260 |
_aMadrid : _bEspasa Calpe, _c1943. |
||
| 300 |
_a2 v., 8 lám + _e1 map., 4 fasc. |
||
| 700 | 1 |
_aCarriazo y Arroquia, Juan de Mata. _935736 |
|
| 852 |
_aES-MaACL _jB-807-8 _bR.23832 |
||
| 999 |
_c122845 _d122845 |
||